<?xml version="1.0" encoding="UTF-8"?>
<record
    xmlns:xsi="http://www.w3.org/2001/XMLSchema-instance"
    xsi:schemaLocation="http://www.loc.gov/MARC21/slim http://www.loc.gov/standards/marcxml/schema/MARC21slim.xsd"
    xmlns="http://www.loc.gov/MARC21/slim">

  <leader>01250nam a2200313Ia 4500</leader>
  <controlfield tag="001">C7149</controlfield>
  <controlfield tag="003">IT-RoPAU</controlfield>
  <controlfield tag="008">130308s9999    xx            000 0 und d</controlfield>
  <datafield tag="040" ind1=" " ind2=" ">
    <subfield code="a">IT-RoPAU</subfield>
  </datafield>
  <datafield tag="040" ind1=" " ind2=" ">
    <subfield code="c">IT-RoPAU</subfield>
  </datafield>
  <datafield tag="041" ind1=" " ind2=" ">
    <subfield code="a">FRANCESE</subfield>
  </datafield>
  <datafield tag="100" ind1=" " ind2=" ">
    <subfield code="a">AA.VV.</subfield>
  </datafield>
  <datafield tag="100" ind1=" " ind2=" ">
    <subfield code="g">Codice Aut. SPICS: 12000</subfield>
  </datafield>
  <datafield tag="245" ind1=" " ind2=" ">
    <subfield code="a">Hermes-11/12-A la recherche du public. Reception , television, medias</subfield>
  </datafield>
  <datafield tag="245" ind1=" " ind2=" ">
    <subfield code="b">Hermes-11/12-A la Recherche Du Public. Reception, Television, Medias</subfield>
  </datafield>
  <datafield tag="250" ind1=" " ind2=" ">
    <subfield code="a">1a ed.</subfield>
  </datafield>
  <datafield tag="260" ind1=" " ind2=" ">
    <subfield code="a">PARIS</subfield>
  </datafield>
  <datafield tag="260" ind1=" " ind2=" ">
    <subfield code="b">CNRS</subfield>
  </datafield>
  <datafield tag="260" ind1=" " ind2=" ">
    <subfield code="c">1993 [1&#xB0; Ed.:1993 - Ed.Ling.Originale:1993]</subfield>
  </datafield>
  <datafield tag="300" ind1=" " ind2=" ">
    <subfield code="a">"442 p. (prefazione: no ; testo: 442 [pagine: 0-0])"</subfield>
  </datafield>
  <datafield tag="500" ind1=" " ind2=" ">
    <subfield code="a">Hermes 11/12: Alla Ricerca del Pubblico: Recezione, Televisione e Media. Parola al Pubblico. Ascolto del Pubblico. Parola del Pubblico o Conoscenza Sulla Recezione. Omaggi in Memoria di Abraham Moles e Francois Bourricaud. Antologia di scritti di vari Autori su Comunicazione, Giornalismo, Politica,Mass Media. Storia del Pubblico della Radio e della Televisione.</subfield>
  </datafield>
  <datafield tag="650" ind1=" " ind2=" ">
    <subfield code="a">SAGGI DI COMUNICAZIONE SOCIALE</subfield>
  </datafield>
  <datafield tag="650" ind1=" " ind2=" ">
    <subfield code="e">Codice materia Spics: 3807</subfield>
  </datafield>
  <datafield tag="700" ind1=" " ind2=" ">
    <subfield code="a">Wolton Dominique</subfield>
  </datafield>
  <datafield tag="700" ind1=" " ind2=" ">
    <subfield code="g">Codice Aut. SPICS: 412</subfield>
  </datafield>
  <datafield tag="942" ind1=" " ind2=" ">
    <subfield code="c">BK</subfield>
  </datafield>
  <datafield tag="957" ind1=" " ind2=" ">
    <subfield code="7">1</subfield>
  </datafield>
  <datafield tag="999" ind1=" " ind2=" ">
    <subfield code="c">89672</subfield>
    <subfield code="d">89672</subfield>
  </datafield>
  <datafield tag="999" ind1=" " ind2=" ">
    <subfield code="g">1</subfield>
  </datafield>
  <datafield tag="952" ind1=" " ind2=" ">
    <subfield code="0">0</subfield>
    <subfield code="1">0</subfield>
    <subfield code="4">0</subfield>
    <subfield code="6">C_000000000000000_7149</subfield>
    <subfield code="7">1</subfield>
    <subfield code="a">SPICS</subfield>
    <subfield code="b">SPICS</subfield>
    <subfield code="d">2013-03-08</subfield>
    <subfield code="l">0</subfield>
    <subfield code="o">C7149</subfield>
    <subfield code="r">2013-03-08 00:00:00</subfield>
    <subfield code="w">2013-03-08</subfield>
    <subfield code="y">BK</subfield>
    <subfield code="z">Progressivo inserimento:  16108 /  N. Volumi: 1 Copie: 1  / data import: 1 marzo 2013 - By Epidotti, Trombetti, Vaglietti. </subfield>
  </datafield>
</record>
